00666cam a2200217 a 4500999001500000001000600015003000900021005001700030008004100047020001500088040003800103082001600141100001700157245004900174260003800223300004100261650000800302650001200310942001200322952011400334 c2272d227215811BD-DhUAP20210128131054.0850222m19851993enka e 000 0 eng  a1856693759 aBD-DhUAPcBD-DhUAPdBD-DhUAPbEng00a700 PIP223 aPipes, Alan. aFoundations of art and design /cAlan Pipes. aLondon : bLaurence King,cc2003. a272 pages :billustrations ;c28 cm. 0aArt 0aDesign. 2ddccBK 00102ddc4070aUAPCLbUAPCLcGeneral Stacksd2020-02-22o700 PIPp3010015811r2020-02-22t1w2020-02-22yBK